Classifica Scarpa d'Oro 2017 - Statistics

Statistiche generali
  • Questo quiz è stato fatto 30 volte
  • Il punteggio medio è 9 su 10
Statistiche sulle risposte
Gol Coefficiente UEFA Punti Nazione Squadra Calciatore % Corretto
28 x2 56 Belgio Napoli Dries Mertens
100%
35 x1,5 52,5 Uruguay Paris Saint-Germain Edinson Cavani
100%
37 x2 74 Argentina Barcellona Lionel Messi
100%
30 x2 60 Polonia Bayern Monaco Robert Lewandowski
100%
29 x2 58 Bosnia Roma Edin Džeko
96%
29 x2 58 Inghilterra Tottenham Harry Kane
96%
29 x2 58 Uruguay Barcellona Luis Suárez
96%
26 x2 52 Italia Torino Andrea Belotti
89%
31 x2 62 Francia / Gabon Borussia Dortmund Pierre-Emerick Aubameyang
89%
34 x2 68 Paesi Bassi Sporting Lisbona Bas Dost
22%
Nessun quiz corrispondente trovato
Distribuzione punteggi
Percentuale di utenti per punteggio
Percentile per numero di risposta
I tuoi punteggi nel tempo
Non hai fatto questo quiz